LEADER 02291oas 2200769 a 450 001 9910145474903321 005 20260324110115.0 011 $a1687-5257 035 $a(OCoLC)85792044 035 $a(CONSER) 2007242090 035 $a(CKB)1000000000277708 035 $a(DE-599)ZDB2267501-2 035 $a(TW-Airiti)jkey=P20151210008 035 $a(TW-Airiti)P20151210008 035 $a(MiAaPQ)237793 035 $a(DE-599)2267501-2 035 $a(EXLCZ)991000000000277708 100 $a20070307a20079999 sy a 101 0 $aeng 135 $aurcnu|||||||| 181 $ctxt$2rdacontent 182 $cc$2rdamedia 183 $acr$2rdacarrier 200 00$aJournal of control science and engineering 210 $aNew York, NY $cHindawi Pub. Corp.$d2007- 210 3 $a[Hoboken, NJ]$cWiley 300 $aTitle from title screen. (Hindawi, viewed Mar. 27, 2007). 300 $aRefereed/Peer-reviewed 311 08$a1687-5249 330 $aCovers "established and newly emerging areas of control theory and applications, encompassing modeling, identification, estimation, analysis, design, implementation of control systems, and in broader and related areas of signal processing and systems and information sciences."--Journal home page. 517 3 $aJSCE 531 0 $aJ. control sci. eng. 606 $aAutomatic control$vPeriodicals 606 $aControl theory$vPeriodicals 606 $aAutomatic control$2fast$3(OCoLC)fst00822702 606 $aControl theory$2fast$3(OCoLC)fst00877085 608 $aPeriodicals.$2fast 615 0$aAutomatic control 615 0$aControl theory 615 7$aAutomatic control. 615 7$aControl theory. 676 $a629.831205 801 0$bCSO 801 1$bCSO 801 2$bMYG 801 2$bOCLCQ 801 2$bCUS 801 2$bDLC 801 2$bHEBIS 801 2$bOCLCQ 801 2$bOCLCF 801 2$bOCLCO 801 2$bOCLCQ 801 2$bOCLCO 801 2$bWT2 801 2$bOCLCQ 801 2$bAU@ 801 2$bUKMGB 801 2$bOCLCQ 801 2$bSRU 801 2$bBWN 801 2$bOCLCQ 801 2$bDLC 906 $aJOURNAL 912 $a9910145474903321 996 $aJournal of control science and engineering$92200739 997 $aUNINA